| 000 | 00551cam a2200145 4500500 | ||
|---|---|---|---|
| 005 | 20260405004257.0 | ||
| 041 | _afre | ||
| 042 | _adc | ||
| 100 | 1 | 0 |
_aGuidon-Le Brun, Maryvonne _eauthor |
| 245 | 0 | 0 | _aHow to keep your chemical inventory up to date: substances, mixtures, articles? |
| 260 | _c2026. | ||
| 500 | _a29 | ||
| 786 | 0 | _nChemical risk prevention manager | - | 2026-04-03 | p. 31-31 | |
| 856 | 4 | 1 | _uhttps://stm.cairn.info/manage-chemical-risk-and-understand-your-obligations--bdti22742210-fic0173-page-31?lang=en&redirect-ssocas=7080 |
| 999 |
_c2075316 _d2075316 |
||